No Fear : Growing up in a risk averse society /
Salvato in:
| Autore principale: | |
|---|---|
| Natura: | Libro |
| Lingua: | inglese |
| Pubblicazione: |
London :
Calouste Gulbenkian Foundation,
2007
|
| Accesso online: | https://timrgill.files.wordpress.com/2010/10/no-fear-19-12-07.pdf |
| Tags: |
Nessun Tag, puoi essere il primo ad aggiungerne!!
|
MARC
| LEADER | 00000nam0a22000003i 4500 | ||
|---|---|---|---|
| 001 | UBO8559256 | ||
| 003 | UBO | ||
| 005 | 20260105233855.0 | ||
| 008 | 260105b |||||||| |||| 00| 0 eng d | ||
| 020 | |a 9781903080085 | ||
| 040 | |c ct | ||
| 041 | |a eng | ||
| 100 | |a Gill, Tim | ||
| 245 | |a No Fear : |b Growing up in a risk averse society / |c Tim Gill | ||
| 260 | |a London : |b Calouste Gulbenkian Foundation, |c 2007 | ||
| 856 | |u https://timrgill.files.wordpress.com/2010/10/no-fear-19-12-07.pdf | ||
| 942 | |2 ddc |c CF |n 0 | ||
| 999 | |c 8416 |d 8416 | ||